History Quiz

Random History or Clickable Quiz

6-Letter US Presidents Match-Up Quiz Stats

 Plays Quiz Updated May 5, 2013

Challenge
Share
Tweet
Score 0/9 Timer 01:30
2 Plays Today
% Correct
W
76.8%
C
76.4%
R
75.9%
M
68.5%
P
67.1%
T
65.6%
T
64.3%
A
63.7%
H
60.4%

You're not logged in!

Compare scores with friends on all Sporcle quizzes.
Join for Free
OR
Log In

You Might Also Like...

Show Comments

Extras

Top Quizzes Today


Score Distribution

Your Account Isn't Verified!

In order to create a playlist on Sporcle, you need to verify the email address you used during registration. Go to your Sporcle Settings to finish the process.

Report this User

Report this user for behavior that violates our Community Guidelines.

Details: